000 01333nam a2200349 c 4500
003 BLK
005 20230513165325.0
008 180412b bul|||||r ||||||| ||bul||
010 _aKNG00015661000
020 _a954-625-090-2
_bиздат.: Фют
040 _aBLK
041 _aBUL
_cBUL
080 _aБългарска литература
_b821.163.2
_x-93-1
_z821.163.2-93-1
100 1 _aЦанков, Атанас Иванов
_eпърви автор
_9363727
700 1 _aРадкова, Стефка
_eхудож.
_9363272
139 _aЦанков, Атанас Иванов
_bЦ 17
245 1 0 _aУшко непослушко
_b[Приказка за деца]
_cАтанас Иванов Цанков; худож. Стефка Радкова.
257 _aBGR
260 София
_bФют
_c1997
300 _a12 с.
_bс цв. ил.
_c18 см
380 _aDX
490 1 _aПоредица Непослушковци
500 _aАвт. отбелязан на гърба на кор. - 15 000 тир.
653 _aприказки
653 _aлитература за деца
653 _aдетска литература
852 _aЦб І 28729
856 4 _qpdf
_u
856 4 _qpdf
_u
942 _cKNG
_n0
_07
944 _aCR
_c29.01.2003
_lф /
_kВиолета_Тройчева
944 _aED
_c16.11.2012
_lф /
_k
999 _c13970
_d13970